Monarchie w Europie - nagła śmierć - Statystyki

Ogólne statystyki
  • Ten quiz został rozwiązany 67 razy
  • Średni wynik to 10 z 12
Answers on the Grid
Answers color-coded by a green-red scale on the quiz's grid according to % correct below.
Albania
Andora
Austria
Belgia
Chorwacja
Dania
Finlandia
Hiszpania
Holandia
Irlandia
Islandia
Liechtenstein
Luksemburg
Malta
Monako
Norwegia
Portugalia
Rosja
San Marino
Serbia
Szwajcaria
Szwecja
Watykan
Wielka Brytania
 
Statystyki odpowiedzi
Odpowiedź % Poprawnych
Hiszpania
91%
Dania
89%
Holandia
87%
Belgia
85%
Wielka Brytania
85%
Liechtenstein
83%
Monako
81%
Luksemburg
74%
Norwegia
74%
Szwecja
74%
Andora
68%
Watykan
64%
Nie znaleziono quizów pasujących do podanych kryteriów
Rozkład punktacji
Procent ludzi z każdym wynikiem
Percentyl według liczby udzielonych odpowiedzi
Twoja historia wyników
Nie rozwiązałeś tego quizu